Effectiveness of performance management and feedback system towards organization commitment of manjushree heat tech pvt ltd in Bangalore / (Record no. 231736)
[ view plain ]
| 000 -LEADER | |
|---|---|
| fixed length control field | 00752nam a22001937a 4500 |
| 003 - CONTROL NUMBER IDENTIFIER | |
| control field | OSt |
| 005 - DATE AND TIME OF LATEST TRANSACTION | |
| control field | 20240905090259.0 |
| 008 - FIXED-LENGTH DATA ELEMENTS--GENERAL INFORMATION | |
| fixed length control field | 240905b ||||| |||| 00| 0 eng d |
| 040 ## - CATALOGING SOURCE | |
| Transcribing agency | AIMIT LIBRARY |
| 100 ## - MAIN ENTRY--PERSONAL NAME | |
| Personal name | H R Prathika. |
| Relator term | 2216141 |
| 9 (RLIN) | 178715 |
| 245 ## - TITLE STATEMENT | |
| Title | Effectiveness of performance management and feedback system towards organization commitment of manjushree heat tech pvt ltd in Bangalore / |
| Statement of responsibility, etc. | By Prathika H R ; Guided by Steevan Dsouza N. |
| 260 ## - PUBLICATION, DISTRIBUTION, ETC. | |
| Place of publication, distribution, etc. | Bengaluru ; |
| Date of publication, distribution, etc. | 2024. |
| 650 ## - SUBJECT ADDED ENTRY--TOPICAL TERM | |
| Topical term or geographic name entry element | Research methodology |
| 9 (RLIN) | 178716 |
| 650 ## - SUBJECT ADDED ENTRY--TOPICAL TERM | |
| Topical term or geographic name entry element | Data analysis and interpretation |
| 9 (RLIN) | 178717 |
| 650 ## - SUBJECT ADDED ENTRY--TOPICAL TERM | |
| Topical term or geographic name entry element | Findings suggestions and conclusion |
| 9 (RLIN) | 178718 |
| 700 ## - ADDED ENTRY--PERSONAL NAME | |
| Personal name | Dsouza N, Steevan. |
| Relator term | Guide |
| 9 (RLIN) | 178719 |
| 856 ## - ELECTRONIC LOCATION AND ACCESS | |
| Materials specified | Manjushree heat tech pvt ltd |
| 942 ## - ADDED ENTRY ELEMENTS (KOHA) | |
| Source of classification or shelving scheme | Dewey Decimal Classification |
| Koha item type | Project Report |
| Withdrawn status | Lost status | Source of classification or shelving scheme | Damaged status | Not for loan | Collection code | Home library | Current library | Shelving location | Date acquired | Total Checkouts | Barcode | Date last seen | Copy number | Price effective from | Koha item type |
|---|---|---|---|---|---|---|---|---|---|---|---|---|---|---|---|
| Dewey Decimal Classification | Not for loan | Project Report MBA | St Aloysius Institute of Management & Information Technology | St Aloysius Institute of Management & Information Technology | Dissertations | 09/05/2024 | PRB02353 | 09/05/2024 | 2216141 | 09/05/2024 | Project Report |